Name the Frat Pack Actors - Statistics

General Stats
  • This quiz has been taken 21 times
  • The average score is 8 of 13
Answer Stats
Group Actor % Correct
Members Owen Wilson
100%
Members Luke Wilson
93%
Members Ben Stiller
86%
Members Vince Vaughn
79%
Members Will Ferrell
79%
Members Steve Carell
71%
Members Jack Black
57%
Members Paul Rudd
57%
Members Seth Rogen
57%
Honorary Members John C. Reilly
36%
Members David Koechner
14%
Honorary Members Leslie Mann
14%
Honorary Members Robert Downey Jr.
14%
No matching quizzes found
Score Distribution
Percent of People with Each Score
Percentile by Number Answered
Your Score History
You have not taken this quiz